| 000 | 00472nam a2200193 a 4500 | ||
|---|---|---|---|
| 001 | 1767512548433 | ||
| 003 | ACL | ||
| 005 | 20260104131434.0 | ||
| 008 | 260104s2010##################000#0#eng## | ||
| 020 | _a9780593059166 | ||
| 082 | 0 | 4 |
_a649.142 _bDOH |
| 100 | 1 |
_aDoherty, Karen, _eauthor. |
|
| 245 | 1 | 0 | _aSibling Rivalry : |
| 260 |
_bBantam Press, _c2010. |
||
| 300 | _a297 pages | ||
| 650 | 0 | _aDiscipline of children. | |
| 942 | _cENGLISH | ||
| 040 |
_aACL _beng _cACL |
||
| 999 |
_c607159 _d607159 |
||